[Event "SF Katernberg 2 - SF Lieme 1"]
[Site "NRW-Klasse, Gruppe 1 2016/201"]
[Date "2016.12.11"]
[Round "4.8"]
[White "Kueppers, Timo"]
[Black "Bundesmann, Joerg"]
[Result "1-0"]
[WhiteElo "2052"]
[BlackElo "2068"]
[PlyCount "135"]
[EventDate "2016.??.??"]
[WhiteTeam "SF Katernberg 2"]
[BlackTeam "SF Lieme 1"]

1. e4 e6 2. d4 d5 3. Nd2 Nf6 4. e5 Nfd7 5. Bd3 c5 6. c3 Nc6 7. Ne2 cxd4 8. cxd4
f6 9. exf6 Nxf6 10. O-O Bd6 11. Nf3 Qc7 12. h3 O-O 13. Be3 Bd7 14. Rc1 Rae8 15.
Nc3 a6 16. Bb1 Qb8 17. Re1 Ne7 18. Qd3 Ng6 19. Ng5 e5 20. dxe5 Nxe5 21. Qc2 g6
22. Qb3 Bc6 23. Nge4 Nxe4 24. Bxe4 Nc4 25. Bxd5+ Bxd5 26. Nxd5 b5 27. Nb6 Rf7
28. Nxc4 bxc4 29. Qxc4 Qxb2 30. Bd4 Rxe1+ 31. Rxe1 Qb5 32. Qc8+ Bf8 33. Qe6 a5
34. g3 a4 35. Rc1 Qf5 36. Qxf5 Rxf5 37. Kf1 Rd5 38. Rc4 a3 39. Ke2 Rb5 40. Kd3
Kf7 41. Rc7+ Ke6 42. Rxh7 Rb1 43. Ra7 Be7 44. Ra6+ Kf7 45. Kc2 Re1 46. Kd2 Rb1
47. Rb6 Rh1 48. h4 Rg1 49. Rb3 Rf1 50. Kc2 Ke6 51. Rd3 Rh1 52. Re3+ Kf7 53. Bc3
Bc5 54. Rf3+ Ke8 55. Rf6 Rf1 56. Rxg6 Rxf2+ 57. Kb3 Rf3 58. g4 Kd7 59. Kc4 Bd6
60. h5 Bf4 61. g5 Rg3 62. h6 Rh3 63. Bf6 Ke6 64. Rg7 Bd6 65. h7 Rh4+ 66. Kb5
Kd5 67. Rd7 Ke6 68. Rxd6+ 1-0